| 000 | 00000nam 2200000zi 4500 |
| 001 | 9.562304 |
| 003 | CaOODSP |
| 005 | 20230213094837 |
| 007 | cr ||||||||||| |
| 008 | 150406s2000 xxc|||||o f|0| 0 eng d |
| 022 | |a1488-5417 |
| 040 | |aCaOODSP|beng |
| 043 | |an-cn--- |
| 086 | 1 |aFs97-18/207-2000E-PDF |
| 100 | 1 |aVan der Baaren, Augustine, |d1963- |eauthor. |
| 245 | 10|aLabrador Shelf and Gulf of St. Lawrence sea ice program, 1995-1998 / |cby A. van der Baaren and S.J. Prinsenberg. |
| 264 | 1|aDartmouth, Nova Scotia : |bFisheries and Oceans Canada, |c2000. |
| 300 | |a1 online resource (29 pages) : |bmaps, references, tables, photographs. |
| 336 | |atext|btxt|2rdacontent |
| 337 | |acomputer|bc|2rdamedia |
| 338 | |aonline resource|bcr|2rdacarrier |
| 490 | 1 |aCanadian technical report of hydrography and ocean sciences, |x1488-5417 ; |vNo. 207 |
| 500 | |aOn t. p.: Ocean Sciences Division, Maritimes Region, Bedford Institute of Oceanography, P.O. Box 1006, Dartmouth, Nova Scotia, Canada, B2Y 4A2. Catalogue number of the print edition copied in the PDF version. |
| 546 | |a(Résumés en français.) |
| 590 | |a09-04-Supp|b2009-05-06 |
| 690 | 07|aAir|2gcpds |
| 690 | 07|aForecasting|2gcpds |
| 690 | 07|aIce|2gcpds |
| 690 | 07|aSatellites|2gcpds |
| 710 | 1 |aCanada.|bDepartment of Fisheries and Oceans.|bQuebec Region.|bRegional Science Branch, |eissuing body. |
| 830 | #0|aCanadian technical report of hydrography and ocean sciences,|x1488-5417|vNo. 207|w(CaOODSP)9.504781 |
| 856 | 40|ahttp://publications.gc.ca|qPDF|s1298 KB|uhttps://publications.gc.ca/collections/collection_2007/dfo-mpo/Fs97-18-207-2000E.pdf|yNo. 207 |